Rozhovor s Milanom Adamčiakom chcel som byť mníchom

Bibliographic Details
Main Author: Hablák, Andrej, 1977- (ain)
Other Authors: Adamčiak, Milan, 1946-2017 (uin)
Format: Article
Language:Slovak
PhysicalDescription:Fotogr.
ISSN:1335-5309
Subjects:

MARC

LEADER 00000nab a2200000 a 4500
001 vtls000863596
003 SK-MaSNL
005 20260302161318.0
008 180206c2000 xo 0 slo
015 |a SNBRB2004/02-05741 
035 |a CLN000215155 
040 |a SNKBUCL  |b slo  |c SNKBUCL  |e AACR2 
041 0 |a slo 
044 |a xo  |c SK 
080 |a 78.072  |2 UDC-MRF-SK2 
100 1 |a Hablák, Andrej,  |d 1977-  |4 ain  |9 112967 
245 1 0 |a Rozhovor s Milanom Adamčiakom  |b chcel som byť mníchom  |c zhováral sa Andrej Hablák 
300 |b Fotogr. 
504 |a Biogr. údaje 
600 1 7 |a Adamčiak, Milan,  |d 1946-2017  |2 snkbucl  |9 13403 
655 7 |a články z novín a časopisov  |2 snkbucl  |9 267496 
700 1 |a Adamčiak, Milan,  |d 1946-2017  |4 uin  |9 13403 
773 0 |x 1335-5309  |t 3/4 revue  |g Roč. 2, č. 1 (2000), s. 30-33 
850 |a Slovenská národná knižnica v Martine 
852 |a SNK  |b KIS3GCP 
958 |a RBX 
999 |c 1376990  |d 1378920